[Event "XLIV Memoriał Szachowy Ludwika Zamenhofa 2025, Grupa B"]
[Site "Bialystok, Poland"]
[Date "2025.12.28"]
[Round "4.17"]
[White "Zielinski, Krzysztof"]
[Black "Bakalarz, Leszek"]
[Result "1-0"]
[TimeControl "90'+30\""]
[WhiteElo "1739"]
[BlackElo "1909"]

1. e4 {[%clk 01:30:58]} {[%emt 00:00:01]} c5 {[%clk 01:30:59]} {[%emt
00:00:03]} 2. Nf3 {[%clk 01:31:26]} {[%emt 00:00:01]} d6 {[%clk 01:31:20]}
{[%emt 00:00:09]} 3. Bb5+ {[%clk 01:31:51]} {[%emt 00:00:04]} Bd7 {[%clk
01:31:44]} {[%emt 00:00:07]} 4. Bxd7+ {[%clk 01:32:17]} {[%emt 00:00:04]} Qxd7
{[%clk 01:32:04]} {[%emt 00:00:10]} 5. O-O {[%clk 01:32:41]} {[%emt 00:00:06]}
Nc6 {[%clk 01:32:16]} {[%emt 00:00:18]} 6. c3 {[%clk 01:33:03]} {[%emt
00:00:07]} e5 {[%clk 01:24:43]} {[%emt 00:08:03]} 7. d4 {[%clk 01:32:12]}
{[%emt 00:01:21]} Rd8 {[%clk 01:24:25]} {[%emt 00:00:47]} 8. d5 {[%clk
01:31:26]} {[%emt 00:01:17]} Nce7 {[%clk 01:24:52]} {[%emt 00:00:02]} 9. c4
{[%clk 01:30:15]} {[%emt 00:01:42]} f5 {[%clk 01:25:06]} {[%emt 00:00:17]} 10.
Ng5 {[%clk 01:28:39]} {[%emt 00:02:06]} Nf6 {[%clk 01:24:19]} {[%emt 00:01:16]}
11. f3 {[%clk 01:27:11]} {[%emt 00:01:58]} f4 {[%clk 00:53:53]} {[%emt
00:30:56]} 12. Nc3 {[%clk 01:26:37]} {[%emt 00:01:04]} Rb8 {[%clk 00:53:40]}
{[%emt 00:00:42]} 13. Ne6 {[%clk 01:26:28]} {[%emt 00:00:41]} h6 {[%clk
00:52:50]} {[%emt 00:01:19]} 14. Qb3 {[%clk 01:25:50]} {[%emt 00:01:07]} g5
{[%clk 00:50:33]} {[%emt 00:02:48]} 15. h3 {[%clk 01:21:28]} {[%emt 00:04:52]}
Kf7 {[%clk 00:49:56]} {[%emt 00:01:07]} 16. Bd2 {[%clk 01:20:28]} {[%emt
00:01:30]} b6 {[%clk 00:45:57]} {[%emt 00:04:27]} 17. Qb5 {[%clk 01:18:07]}
{[%emt 00:02:53]} Qb7 {[%clk 00:42:48]} {[%emt 00:03:38]} 18. a4 {[%clk
01:15:17]} {[%emt 00:03:21]} a6 {[%clk 00:42:44]} {[%emt 00:00:34]} 19. Qb3
{[%clk 01:15:42]} {[%emt 00:00:05]} Bg7 {[%clk 00:38:43]} {[%emt 00:04:31]} 20.
Qa3 {[%clk 01:13:54]} {[%emt 00:02:21]} a5 {[%clk 00:35:11]} {[%emt 00:04:02]}
21. Nb5 {[%clk 01:13:19]} {[%emt 00:01:05]} Qd7 {[%clk 00:34:58]} {[%emt
00:00:42]} 22. Kf2 {[%clk 01:12:01]} {[%emt 00:01:48]} Nh5 {[%clk 00:34:12]}
{[%emt 00:01:16]} 23. Ke1 {[%clk 01:11:59]} {[%emt 00:00:32]} Bf6 {[%clk
00:24:17]} {[%emt 00:10:25]} 24. Kd1 {[%clk 01:11:47]} {[%emt 00:00:42]} Ng3
{[%clk 00:22:45]} {[%emt 00:02:03]} 25. Rg1 {[%clk 01:11:20]} {[%emt 00:00:56]}
h5 {[%clk 00:17:44]} {[%emt 00:05:31]} 26. Be1 {[%clk 01:11:32]} {[%emt
00:00:18]} Ng6 {[%clk 00:17:31]} {[%emt 00:00:42]} 27. Qc3 {[%clk 01:10:34]}
{[%emt 00:01:29]} Rbg8 {[%clk 00:07:22]} {[%emt 00:10:39]} 28. Qb3 {[%clk
01:09:11]} {[%emt 00:01:52]} g4 {[%clk 00:04:53]} {[%emt 00:03:00]} 29. Bxg3
{[%clk 01:08:12]} {[%emt 00:01:28]} fxg3 {[%clk 00:05:22]} {[%emt 00:00:03]} 30.
fxg4 {[%clk 01:08:24]} {[%emt 00:00:17]} hxg4 {[%clk 00:03:11]} {[%emt
00:02:41]} 31. hxg4 {[%clk 01:07:30]} {[%emt 00:01:24]} Nf4 {[%clk 00:02:57]}
{[%emt 00:00:44]} 32. Nxf4 {[%clk 00:53:28]} {[%emt 00:14:32]} exf4 {[%clk
00:03:25]} {[%emt 00:00:02]} 33. Qf3 {[%clk 00:53:43]} {[%emt 00:00:15]} Be5
{[%clk 00:03:23]} {[%emt 00:00:31]} 34. Ke2 {[%clk 00:52:27]} {[%emt 00:01:47]}
Qxg4 {[%clk 00:02:48]} {[%emt 00:01:05]} 35. Qxg4 {[%clk 00:52:07]} {[%emt
00:00:50]} Rxg4 {[%clk 00:03:16]} {[%emt 00:00:02]} 36. Kf3 {[%clk 00:52:35]}
{[%emt 00:00:02]} Rgh4 {[%clk 00:03:28]} {[%emt 00:00:18]} 37. Rae1 {[%clk
00:52:23]} {[%emt 00:00:39]} Ke7 {[%clk 00:02:28]} {[%emt 00:01:33]} 38. b3
{[%clk 00:52:46]} {[%emt 00:00:07]} Kd7 {[%clk 00:02:08]} {[%emt 00:00:50]} 39.
Rd1 {[%clk 00:52:30]} {[%emt 00:00:47]} Rh2 {[%clk 00:01:22]} {[%emt 00:01:15]}
40. Rde1 {[%clk 00:52:18]} {[%emt 00:00:41]} R8h7 {[%clk 00:01:28]} {[%emt
00:00:25]} 41. Rd1 {[%clk 00:52:27]} {[%emt 00:00:21]} Ke8 {[%clk 00:01:38]}
{[%emt 00:00:20]} 42. Rde1 {[%clk 00:52:32]} {[%emt 00:00:25]} Kf8 {[%clk
00:02:06]} {[%emt 00:00:02]} 43. Rd1 {[%clk 00:52:47]} {[%emt 00:00:15]} Kg8
{[%clk 00:02:12]} {[%emt 00:00:24]} 44. Rde1 {[%clk 00:52:59]} {[%emt
00:00:19]} Rg7 {[%clk 00:02:09]} {[%emt 00:00:32]} 45. Rd1 {[%clk 00:53:19]}
{[%emt 00:00:11]} Kh7 {[%clk 00:02:33]} {[%emt 00:00:05]} 46. Rh1 {[%clk
00:52:27]} {[%emt 00:01:22]} Kg6 {[%clk 00:02:31]} {[%emt 00:00:33]} 47. Rhg1
{[%clk 00:52:43]} {[%emt 00:00:14]} Kf6 {[%clk 00:02:48]} {[%emt 00:00:12]} 48.
Rde1 {[%clk 00:52:59]} {[%emt 00:00:14]} Rgh7 {[%clk 00:02:45]} {[%emt
00:00:34]} 49. Rd1 {[%clk 00:53:18]} {[%emt 00:00:11]} R2h4 {[%clk 00:01:45]}
{[%emt 00:01:29]} 50. Rgf1 {[%clk 00:53:27]} {[%emt 00:00:21]} Rh2 {[%clk
00:01:15]} {[%emt 00:01:00]} 51. Rg1 {[%clk 00:53:48]} {[%emt 00:00:09]} Re7
{[%clk 00:00:48]} {[%emt 00:00:58]} 52. Rge1 {[%clk 00:54:06]} {[%emt
00:00:11]} Reh7 {[%clk 00:00:39]} {[%emt 00:00:39]} 53. Rg1 {[%clk 00:54:25]}
{[%emt 00:00:11]} Bd4 {[%emt 00:00:50]} 54. Nxd4 {[%emt 00:00:02]} cxd4 55.
Rxd4 1-0

[Event "XLIV Memoriał Szachowy Ludwika Zamenhofa 2025, Grupa B"]
[Site "Bialystok, Poland"]
[Date "2025.12.28"]
[Round "4.18"]
[White "Filimoniuk, Marcin"]
[Black "Daniel, Damian"]
[Result "0-1"]
[TimeControl "90'+30\""]
[WhiteElo "1854"]
[BlackElo "2150"]

1. Nf3 {[%clk 01:30:51]} {[%emt 00:00:09]} Nf6 {[%clk 01:30:35]} {[%emt
00:00:26]} 2. d4 {[%clk 01:31:02]} {[%emt 00:00:18]} g6 {[%clk 01:30:34]}
{[%emt 00:00:31]} 3. c4 {[%clk 01:29:05]} {[%emt 00:02:27]} Bg7 {[%clk
01:30:24]} {[%emt 00:00:39]} 4. Nc3 {[%clk 01:28:45]} {[%emt 00:00:51]} O-O
{[%clk 01:30:41]} {[%emt 00:00:13]} 5. Bg5 {[%clk 01:28:08]} {[%emt 00:01:07]}
d6 {[%clk 01:30:34]} {[%emt 00:00:37]} 6. e3 {[%clk 01:27:53]} {[%emt
00:00:45]} Nbd7 {[%clk 01:30:06]} {[%emt 00:00:58]} 7. Be2 {[%clk 01:27:41]}
{[%emt 00:00:41]} c6 {[%clk 01:24:02]} {[%emt 00:06:35]} 8. O-O {[%clk
01:26:48]} {[%emt 00:01:23]} Qc7 {[%clk 01:21:55]} {[%emt 00:02:37]} 9. Qb3
{[%clk 01:25:55]} {[%emt 00:01:22]} e5 {[%clk 01:20:51]} {[%emt 00:01:35]} 10.
Rfd1 {[%clk 01:25:09]} {[%emt 00:01:17]} h6 {[%clk 01:16:17]} {[%emt 00:05:03]}
11. Bxf6 {[%clk 01:23:32]} {[%emt 00:02:07]} Nxf6 {[%clk 01:15:12]} {[%emt
00:01:35]} 12. Rac1 {[%clk 01:19:09]} {[%emt 00:04:53]} e4 {[%clk 01:12:40]}
{[%emt 00:03:02]} 13. Nd2 {[%clk 01:19:16]} {[%emt 00:00:23]} Bf5 {[%clk
01:12:24]} {[%emt 00:00:46]} 14. Nf1 {[%clk 01:18:30]} {[%emt 00:01:16]} g5
{[%clk 01:11:19]} {[%emt 00:01:34]} 15. Rd2 {[%clk 01:17:50]} {[%emt 00:01:11]}
Rae8 {[%clk 01:09:47]} {[%emt 00:02:02]} 16. Qd1 {[%clk 01:17:31]} {[%emt
00:00:49]} Re7 {[%clk 01:05:05]} {[%emt 00:05:12]} 17. Ng3 {[%clk 01:14:21]}
{[%emt 00:03:40]} Bh7 {[%clk 01:05:09]} {[%emt 00:00:26]} 18. h3 {[%clk
01:12:52]} {[%emt 00:01:59]} Nd7 {[%clk 00:59:37]} {[%emt 00:06:02]} 19. Nh5
{[%clk 01:11:45]} {[%emt 00:01:37]} f5 {[%clk 00:56:44]} {[%emt 00:03:23]} 20.
Nxg7 {[%clk 01:09:03]} {[%emt 00:03:12]} Rxg7 {[%clk 00:57:01]} {[%emt
00:00:13]} 21. Qe1 {[%clk 00:56:46]} {[%emt 00:12:47]} Nf6 {[%clk 00:51:08]}
{[%emt 00:06:25]} 22. Bd1 {[%clk 00:54:50]} {[%emt 00:02:26]} f4 {[%clk
00:31:44]} {[%emt 00:19:54]} 23. Bc2 {[%clk 00:42:23]} {[%emt 00:12:57]} Qe7
{[%clk 00:27:09]} {[%emt 00:05:06]} 24. Kh1 {[%clk 00:40:07]} {[%emt 00:02:46]}
f3 {[%clk 00:25:23]} {[%emt 00:02:15]} 25. gxf3 {[%clk 00:29:48]} {[%emt
00:10:49]} exf3 {[%clk 00:25:27]} {[%emt 00:00:27]} 26. Bxh7+ {[%clk 00:28:40]}
{[%emt 00:01:38]} Kxh7 {[%clk 00:25:20]} {[%emt 00:00:36]} 27. Qd1 {[%clk
00:27:46]} {[%emt 00:01:25]} g4 {[%clk 00:24:22]} {[%emt 00:01:28]} 28. Qc2+
{[%clk 00:27:37]} {[%emt 00:00:39]} Kh8 {[%clk 00:24:18]} {[%emt 00:00:33]} 29.
Rg1 {[%clk 00:16:40]} {[%emt 00:11:27]} Nh5 {[%clk 00:23:02]} {[%emt 00:01:46]}
30. Qb1 {[%clk 00:14:11]} {[%emt 00:03:00]} Qh4 {[%clk 00:22:09]} {[%emt
00:01:22]} 31. Qf1 {[%clk 00:13:51]} {[%emt 00:00:50]} g3 {[%clk 00:22:05]}
{[%emt 00:00:33]} 32. fxg3 {[%clk 00:12:39]} {[%emt 00:01:41]} Nxg3+ {[%clk
00:22:16]} {[%emt 00:00:20]} 0-1

[Event "XLIV Memoriał Szachowy Ludwika Zamenhofa 2025, Grupa B"]
[Site "Bialystok, Poland"]
[Date "2025.12.28"]
[Round "4.19"]
[White "Maciejewski, Kamil"]
[Black "Wnorowski, Wiktor"]
[Result "1-0"]
[TimeControl "90'+30\""]
[WhiteElo "2036"]
[BlackElo "1838"]

1. g3 {[%clk 01:30:51]} {[%emt 00:00:08]} d5 {[%clk 01:30:53]} {[%emt
00:00:07]} 2. Nf3 {[%clk 01:30:54]} {[%emt 00:00:27]} Nf6 {[%clk 01:31:06]}
{[%emt 00:00:17]} 3. Bg2 {[%clk 01:31:11]} {[%emt 00:00:13]} c6 {[%clk
01:31:17]} {[%emt 00:00:19]} 4. O-O {[%clk 01:30:03]} {[%emt 00:01:37]} Bg4
{[%clk 01:31:04]} {[%emt 00:00:44]} 5. h3 {[%clk 01:26:00]} {[%emt 00:04:34]}
Bxf3 {[%clk 01:31:26]} {[%emt 00:00:07]} 6. Bxf3 {[%clk 01:21:21]} {[%emt
00:05:09]} Nbd7 {[%clk 01:31:00]} {[%emt 00:00:56]} 7. d4 {[%clk 01:18:32]}
{[%emt 00:03:19]} e6 {[%clk 01:30:28]} {[%emt 00:01:01]} 8. Nc3 {[%clk
01:09:51]} {[%emt 00:09:12]} Bd6 {[%clk 01:27:41]} {[%emt 00:03:17]} 9. e4
{[%clk 01:08:33]} {[%emt 00:01:49]} dxe4 {[%clk 01:27:46]} {[%emt 00:00:25]} 10.
Nxe4 {[%clk 01:08:47]} {[%emt 00:00:15]} Nxe4 {[%clk 01:28:01]} {[%emt
00:00:15]} 11. Bxe4 {[%clk 01:09:08]} {[%emt 00:00:09]} Nf6 {[%clk 01:28:18]}
{[%emt 00:00:12]} 12. Bg2 {[%clk 01:08:12]} {[%emt 00:01:26]} O-O {[%clk
01:28:19]} {[%emt 00:00:29]} 13. c4 {[%clk 01:05:52]} {[%emt 00:02:52]} h6
{[%clk 01:26:50]} {[%emt 00:01:59]} 14. Be3 {[%clk 01:00:26]} {[%emt 00:05:56]}
Qe7 {[%clk 01:24:13]} {[%emt 00:03:07]} 15. Qe2 {[%clk 00:57:00]} {[%emt
00:03:55]} Rad8 {[%clk 01:23:13]} {[%emt 00:01:30]} 16. Rfd1 {[%clk 00:56:03]}
{[%emt 00:01:27]} Bb8 {[%clk 01:21:59]} {[%emt 00:01:44]} 17. a3 {[%clk
00:54:28]} {[%emt 00:02:05]} Rd7 {[%clk 01:21:21]} {[%emt 00:01:08]} 18. Rd2
{[%clk 00:44:18]} {[%emt 00:10:40]} Rfd8 {[%clk 01:20:14]} {[%emt 00:01:37]} 19.
Rad1 {[%clk 00:43:42]} {[%emt 00:01:06]} Qe8 {[%clk 01:16:09]} {[%emt
00:04:35]} 20. Qf3 {[%clk 00:33:20]} {[%emt 00:10:54]} Qe7 {[%clk 01:07:09]}
{[%emt 00:09:30]} 21. Qe2 {[%clk 00:30:07]} {[%emt 00:03:43]} Bc7 {[%clk
01:03:30]} {[%emt 00:04:09]} 22. h4 {[%clk 00:27:22]} {[%emt 00:03:16]} Bb6
{[%clk 01:02:31]} {[%emt 00:01:29]} 23. b4 {[%clk 00:25:12]} {[%emt 00:02:41]}
a6 {[%clk 00:53:30]} {[%emt 00:09:31]} 24. a4 {[%clk 00:19:31]} {[%emt
00:06:11]} Ba7 {[%clk 00:49:26]} {[%emt 00:04:33]} 25. c5 {[%clk 00:16:01]}
{[%emt 00:04:01]} Nd5 {[%clk 00:49:07]} {[%emt 00:00:48]} 26. Bxd5 {[%clk
00:15:35]} {[%emt 00:00:56]} Rxd5 {[%clk 00:49:23]} {[%emt 00:00:13]} 27. b5
{[%clk 00:14:37]} {[%emt 00:01:29]} axb5 {[%clk 00:49:32]} {[%emt 00:00:21]} 28.
axb5 {[%clk 00:15:00]} {[%emt 00:00:08]} Bb8 {[%clk 00:48:07]} {[%emt
00:01:55]} 29. bxc6 {[%clk 00:14:38]} {[%emt 00:00:51]} bxc6 {[%clk 00:48:33]}
{[%emt 00:00:05]} 30. Qa6 {[%clk 00:10:00]} {[%emt 00:05:07]} Qf6 {[%clk
00:40:59]} {[%emt 00:08:04]} 31. Qxc6 {[%clk 00:07:11]} {[%emt 00:03:19]} Qf3
{[%clk 00:40:45]} {[%emt 00:00:43]} 32. Qa6 {[%clk 00:05:02]} {[%emt 00:02:39]}
Bxg3 {[%clk 00:40:50]} {[%emt 00:00:26]} 33. Qe2 {[%clk 00:05:11]} {[%emt
00:00:20]} Qxe2 {[%clk 00:40:18]} {[%emt 00:01:02]} 34. Rxe2 {[%clk 00:05:40]}
{[%emt 00:00:02]} Be5 {[%clk 00:39:06]} {[%emt 00:01:41]} 35. c6 {[%clk
00:04:00]} {[%emt 00:02:10]} Bxd4 {[%clk 00:37:00]} {[%emt 00:02:36]} 36. c7
{[%clk 00:03:35]} {[%emt 00:00:56]} Rc8 {[%clk 00:37:05]} {[%emt 00:00:25]} 37.
Rxd4 {[%clk 00:03:28]} {[%emt 00:00:36]} Rxd4 {[%clk 00:37:30]} {[%emt
00:00:06]} 38. Bxd4 {[%clk 00:03:53]} {[%emt 00:00:05]} Rxc7 {[%clk 00:37:54]}
{[%emt 00:00:06]} 39. f3 {[%clk 00:02:31]} {[%emt 00:01:51]} Rc4 {[%clk
00:37:41]} {[%emt 00:00:44]} 40. Bf2 {[%clk 00:02:54]} {[%emt 00:00:07]} g5
{[%clk 00:37:14]} {[%emt 00:00:58]} 41. hxg5 {[%clk 00:01:20]} {[%emt
00:02:03]} hxg5 {[%clk 00:37:42]} {[%emt 00:00:02]} 42. Re5 {[%clk 00:01:33]}
{[%emt 00:00:17]} f6 {[%clk 00:35:34]} {[%emt 00:02:38]} 43. Rxe6 {[%clk
00:01:57]} {[%emt 00:00:07]} Kf7 {[%clk 00:35:59]} {[%emt 00:00:04]} 44. Re4
{[%clk 00:00:47]} {[%emt 00:01:40]} Rc1+ {[%clk 00:35:59]} {[%emt 00:00:29]} 45.
Kg2 {[%clk 00:01:11]} {[%emt 00:00:06]} Rc2 {[%clk 00:35:54]} {[%emt 00:00:35]}
46. Ra4 {[%clk 00:01:07]} {[%emt 00:00:35]} Kg6 {[%clk 00:36:18]} {[%emt
00:00:05]} 47. Ra6 {[%clk 00:00:48]} {[%emt 00:00:50]} Rd2 {[%clk 00:35:31]}
{[%emt 00:01:16]} 48. Kg3 {[%clk 00:01:02]} {[%emt 00:00:16]} Kf5 {[%clk
00:34:47]} {[%emt 00:01:14]} 49. Rc6 {[%clk 00:00:40]} {[%emt 00:00:52]} Ke5
{[%clk 00:34:15]} {[%emt 00:01:02]} 50. Be1 {[%clk 00:00:38]} {[%emt 00:00:32]}
Rd1 {[%clk 00:33:43]} {[%emt 00:01:01]} 51. Bc3+ {[%clk 00:00:47]} {[%emt
00:00:22]} Kd5 {[%clk 00:34:08]} {[%emt 00:00:05]} 52. Rxf6 {[%clk 00:00:55]}
{[%emt 00:00:21]} Rg1+ {[%clk 00:34:13]} {[%emt 00:00:24]} 53. Kf2 {[%clk
00:01:08]} {[%emt 00:00:18]} Rc1 {[%clk 00:34:32]} {[%emt 00:00:11]} 54. Bd2
{[%clk 00:00:45]} {[%emt 00:00:53]} Rc2 {[%clk 00:34:52]} {[%emt 00:00:10]} 55.
Ke3 {[%clk 00:01:08]} {[%emt 00:00:07]} Ke5 {[%clk 00:35:08]} {[%emt 00:00:13]}
56. Ra6 {[%clk 00:00:47]} {[%emt 00:00:51]} Rc8 {[%clk 00:34:42]} {[%emt
00:00:56]} 57. Ra5+ {[%clk 00:00:59]} {[%emt 00:00:19]} Kf6 {[%clk 00:35:07]}
{[%emt 00:00:05]} 58. Kf2 {[%clk 00:00:33]} {[%emt 00:00:56]} Rc2 {[%clk
00:34:37]} {[%emt 00:00:59]} 59. Rd5 {[%clk 00:00:36]} {[%emt 00:00:27]} Ke6
{[%clk 00:34:54]} {[%emt 00:00:14]} 60. Rd8 {[%clk 00:00:50]} {[%emt 00:00:16]}
Ra2 {[%clk 00:34:16]} {[%emt 00:01:07]} 61. Kg3 {[%clk 00:01:04]} {[%emt
00:00:16]} Kf5 {[%clk 00:33:20]} {[%emt 00:01:26]} 62. Rf8+ {[%clk 00:00:36]}
{[%emt 00:00:59]} Kg6 {[%clk 00:33:41]} {[%emt 00:00:09]} 63. Be3 {[%clk
00:00:38]} {[%emt 00:00:27]} Ra3 {[%clk 00:33:58]} {[%emt 00:00:13]} 64. Re8
{[%clk 00:00:42]} {[%emt 00:00:26]} Kf7 {[%clk 00:34:19]} {[%emt 00:00:10]} 65.
Re4 {[%clk 00:00:56]} {[%emt 00:00:16]} Kf6 {[%clk 00:34:32]} {[%emt 00:00:16]}
66. Kg4 {[%clk 00:01:06]} {[%emt 00:00:20]} Ra5 {[%clk 00:34:24]} {[%emt
00:00:37]} 67. Rb4 {[%clk 00:00:45]} {[%emt 00:00:52]} Ra2 {[%clk 00:33:57]}
{[%emt 00:00:58]} 68. Bxg5+ {[%clk 00:00:57]} {[%emt 00:00:17]} Ke6 {[%clk
00:34:03]} {[%emt 00:00:23]} 69. f4 {[%clk 00:00:47]} {[%emt 00:00:41]} Rg2+
{[%clk 00:34:20]} {[%emt 00:00:13]} 70. Kf3 {[%clk 00:01:11]} {[%emt 00:00:06]}
Ra2 {[%clk 00:34:46]} {[%emt 00:00:04]} 71. Rb5 {[%clk 00:01:08]} {[%emt
00:00:33]} Ra1 {[%clk 00:34:54]} {[%emt 00:00:22]} 72. f5+ {[%clk 00:01:04]}
{[%emt 00:00:34]} Kf7 {[%clk 00:35:17]} {[%emt 00:00:07]} 73. Rb7+ {[%clk
00:01:18]} {[%emt 00:00:16]} Kf8 {[%clk 00:35:41]} {[%emt 00:00:06]} 74. Kg4
{[%clk 00:00:50]} {[%emt 00:00:59]} Rh1 {[%clk 00:35:44]} {[%emt 00:00:26]} 75.
f6 {[%clk 00:00:50]} {[%emt 00:00:30]} Kg8 {[%clk 00:35:21]} {[%emt 00:00:53]}
76. Kf5 {[%clk 00:00:48]} {[%emt 00:00:32]} Rd1 {[%clk 00:35:17]} {[%emt
00:00:34]} 77. f7+ {[%clk 00:00:40]} {[%emt 00:00:39]} Kg7 {[%clk 00:35:33]}
{[%emt 00:00:14]} 78. Bh6+ {[%clk 00:00:54]} {[%emt 00:00:15]} 1-0

[Event "XLIV Memoriał Szachowy Ludwika Zamenhofa 2025, Grupa B"]
[Site "Bialystok, Poland"]
[Date "2025.12.28"]
[Round "4.20"]
[White "Sawicki, Dorian"]
[Black "Kalus, Franciszek"]
[Result "1-0"]
[TimeControl "90'+30\""]
[WhiteElo "1992"]
[BlackElo "1822"]

1. d4 {[%clk 01:30:57]} {[%emt 00:00:02]} Nf6 {[%clk 01:30:55]} {[%emt
00:00:05]} 2. c4 {[%clk 01:31:22]} {[%emt 00:00:06]} e6 {[%clk 01:31:23]}
{[%emt 00:00:03]} 3. Nf3 {[%clk 01:31:47]} {[%emt 00:00:05]} d5 {[%clk
01:31:49]} {[%emt 00:00:04]} 4. Nc3 {[%clk 01:32:12]} {[%emt 00:00:05]} Be7
{[%clk 01:32:16]} {[%emt 00:00:03]} 5. Bg5 {[%clk 01:32:37]} {[%emt 00:00:05]}
h6 {[%clk 01:32:42]} {[%emt 00:00:04]} 6. Bh4 {[%clk 01:32:51]} {[%emt
00:00:16]} O-O {[%clk 01:33:06]} {[%emt 00:00:05]} 7. e3 {[%clk 01:33:16]}
{[%emt 00:00:07]} b6 {[%clk 01:33:31]} {[%emt 00:00:06]} 8. cxd5 {[%clk
01:33:30]} {[%emt 00:00:15]} Nxd5 {[%clk 01:33:57]} {[%emt 00:00:04]} 9. Nxd5
{[%clk 01:32:57]} {[%emt 00:01:03]} exd5 {[%clk 01:26:56]} {[%emt 00:07:30]} 10.
Bxe7 {[%clk 01:33:13]} {[%emt 00:00:15]} Qxe7 {[%clk 01:27:21]} {[%emt
00:00:05]} 11. Rc1 {[%clk 01:28:20]} {[%emt 00:04:53]} Be6 {[%clk 01:27:36]}
{[%emt 00:00:14]} 12. Bd3 {[%clk 01:28:30]} {[%emt 00:00:50]} c5 {[%clk
01:27:16]} {[%emt 00:00:51]} 13. O-O {[%clk 01:27:53]} {[%emt 00:01:06]} Nd7
{[%clk 01:27:27]} {[%emt 00:00:19]} 14. Re1 {[%clk 01:25:54]} {[%emt 00:02:29]}
Nf6 {[%clk 01:27:17]} {[%emt 00:00:40]} 15. Ne5 {[%clk 01:24:04]} {[%emt
00:02:20]} Rfc8 {[%clk 01:22:48]} {[%emt 00:04:59]} 16. Bb1 {[%clk 01:20:38]}
{[%emt 00:03:56]} Rc7 {[%clk 01:16:38]} {[%emt 00:06:40]} 17. f4 {[%clk
01:10:02]} {[%emt 00:11:06]} Rac8 {[%clk 01:13:59]} {[%emt 00:03:09]} 18. a3
{[%clk 01:03:26]} {[%emt 00:07:05]} c4 {[%clk 01:10:05]} {[%emt 00:04:24]} 19.
Bc2 {[%clk 00:48:23]} {[%emt 00:15:33]} b5 {[%clk 00:54:48]} {[%emt 00:15:48]}
20. Qf3 {[%clk 00:38:54]} {[%emt 00:09:59]} b4 {[%clk 00:48:45]} {[%emt
00:06:33]} 21. axb4 {[%clk 00:35:21]} {[%emt 00:04:04]} Qxb4 {[%clk 00:46:25]}
{[%emt 00:02:50]} 22. Rb1 {[%clk 00:32:31]} {[%emt 00:03:19]} Rb8 {[%clk
00:40:57]} {[%emt 00:05:58]} 23. g4 {[%clk 00:29:52]} {[%emt 00:03:09]} Qa5
{[%clk 00:33:22]} {[%emt 00:08:05]} 24. Re2 {[%clk 00:26:05]} {[%emt 00:04:17]}
Qa2 {[%clk 00:26:32]} {[%emt 00:07:21]} 25. g5 {[%clk 00:12:13]} {[%emt
00:14:22]} hxg5 {[%clk 00:25:47]} {[%emt 00:01:15]} 26. fxg5 {[%clk 00:12:34]}
{[%emt 00:00:09]} Ne4 {[%clk 00:25:35]} {[%emt 00:00:42]} 27. Qf1 {[%clk
00:09:56]} {[%emt 00:03:08]} Qa6 {[%clk 00:20:58]} {[%emt 00:05:07]} 28. Ra1
{[%clk 00:01:54]} {[%emt 00:08:32]} Qc8 {[%clk 00:20:23]} {[%emt 00:01:05]} 29.
Bxe4 {[%clk 00:00:44]} {[%emt 00:01:40]} dxe4 {[%clk 00:20:46]} {[%emt
00:00:07]} 30. Qf4 {[%clk 00:00:47]} {[%emt 00:00:26]} Bd5 {[%emt 00:14:31]} 31.
Rf1 {[%clk 00:00:50]} Rbb7 {[%clk 00:04:43]} {[%emt 00:03:01]} 32. h4 {[%clk
00:00:51]} {[%emt 00:00:28]} c3 {[%clk 00:03:37]} {[%emt 00:01:36]} 33. bxc3
{[%clk 00:01:04]} {[%emt 00:00:17]} Rxc3 {[%clk 00:03:51]} {[%emt 00:00:16]} 34.
h5 {[%clk 00:01:13]} {[%emt 00:00:21]} Bc4 {[%clk 00:02:54]} {[%emt 00:01:26]}
35. Nxc4 {[%clk 00:01:24]} {[%emt 00:00:19]} Qxc4 {[%clk 00:03:16]} {[%emt
00:00:08]} 36. Ref2 {[%clk 00:00:51]} {[%emt 00:01:03]} Qe6 {[%clk 00:03:26]}
{[%emt 00:00:20]} 37. h6 {[%clk 00:00:57]} {[%emt 00:00:24]} Rc6 {[%clk
00:01:56]} {[%emt 00:02:00]} 38. hxg7 {[%clk 00:00:58]} {[%emt 00:00:29]} Qg6
{[%clk 00:01:32]} {[%emt 00:00:54]} 39. Qh4 {[%clk 00:00:45]} {[%emt 00:00:43]}
Kxg7 {[%clk 00:01:48]} {[%emt 00:00:14]} 40. d5 {[%clk 00:00:35]} {[%emt
00:00:40]} Rd6 {[%clk 00:01:50]} {[%emt 00:00:29]} 41. Rf6 {[%clk 00:00:41]}
{[%emt 00:00:23]} Rxf6 {[%clk 00:01:48]} {[%emt 00:00:32]} 42. Rxf6 {[%clk
00:01:07]} {[%emt 00:00:04]} Rb1+ {[%clk 00:00:50]} {[%emt 00:01:28]} 43. Kg2
{[%clk 00:01:17]} {[%emt 00:00:20]} Rb2+ {[%clk 00:01:14]} {[%emt 00:00:06]} 44.
Kg3 {[%clk 00:01:31]} {[%emt 00:00:17]} Qh7 {[%clk 00:01:25]} {[%emt 00:00:18]}
45. Rxf7+ {[%clk 00:01:56]} {[%emt 00:00:05]} Kxf7 {[%clk 00:01:50]} {[%emt
00:00:05]} 46. Qxh7+ {[%clk 00:02:22]} {[%emt 00:00:03]} 1-0